| 000 | 01683nam a2200505 i 4500 | ||
|---|---|---|---|
| 001 | 19963 | ||
| 003 | KOSZ 005 | ||
| 005 | 20220824150038.0 | ||
| 008 | 030804s1975 pl a f |000 0 pol | ||
| 015 | _aPB 1975/4253 | ||
| 035 | _a991021317389705066 | ||
| 035 | _a(PL-WaBN)b15768090-48omnis_nlop | ||
| 035 | _ab15768090 | ||
| 035 | _a(OCoLC)830515520 | ||
| 035 | _a(PL)b0000001576809 | ||
| 035 | _a(EXLNZ-48OMNIS_NETWORK)9910083768005606 | ||
| 040 |
_aWA N _cWA N _dKOSZ 005/EG |
||
| 041 | 0 | _apol | |
| 046 | _k1975 | ||
| 080 | _a636.084/.087 | ||
| 080 | _a(438) | ||
| 080 | _a338 | ||
| 100 | 1 |
_aSzała, Stanisław _eAutor |
|
| 245 | 1 | 0 |
_aEfektywność ekonomiczna suszarni zielonek i ziemniaków w warunkach województwa koszaliskiego / _cStanisław Szała. |
| 260 |
_aKoszalin : _b[Koszaliński Ośrodek Naukowo-Badawczy], _c1975. |
||
| 300 |
_a157, [3] s., 11 s. tabl. : _bil., mapy, tab., wykr. ; _c25 cm. |
||
| 336 |
_2rdacontent _aTekst _btxt |
||
| 337 |
_2rdamedia _aBez urządzenia pośredniczącego _bn |
||
| 338 |
_2rdacarrier _aWolumin _bnc |
||
| 380 | _aKsiążki | ||
| 388 | _a1901-2000 | ||
| 388 | _a1945-1989 | ||
| 504 | _aBibliogr. | ||
| 650 | 7 |
_aSuszarnictwo _2DBN |
|
| 650 | 7 |
_aZiemniaki _2DBN |
|
| 650 | 7 | _aEkonomika | |
| 650 | 7 | _aKonserwacja żywności | |
| 650 | 7 | _aRolnictwo | |
| 650 | 7 |
_aZielonki (rolnictwo) _2DBN |
|
| 651 | 7 |
_aKoszalin (woj. zachodniopomorskie ; okolice) _2DBN |
|
| 658 | _aRolnictwo i leśnictwo | ||
| 856 |
_uhttp://koha.tu.koszalin.pl/cgi-bin/koha/opac-detail.pl?biblionumber=19963 _yKatalog online BPK |
||
| 942 |
_2UKD _cKS |
||
| 999 |
_c19963 _d19963 |
||